Consolidación de la democracia y representación de grupos sociales /
保存先:
| 第一著者: | |
|---|---|
| フォーマット: | テキスト |
| 主題: | |
| タグ: |
タグ追加
タグなし, このレコードへの初めてのタグを付けませんか!
|
MARC
| LEADER | 00000 a a2200000 04500 | ||
|---|---|---|---|
| 001 | 46847 | ||
| 003 | |||
| 040 | |||
| 090 | |a REV0229 (76) 1995 | ||
| 100 | |a Schmitter, Philippe C | ||
| 245 | |a Consolidación de la democracia y representación de grupos sociales / |c Philippe C Schmitter | ||
| 650 | |a SISTEMAS POLITICOS | ||
| 650 | |a DEMOCRACIA | ||
| 650 | |a ASPECTOS POLITICOS | ||
| 650 | |a PARTIDOS POLITICOS | ||
| 650 | |a MOVIMIENTOS SOCIALES | ||
| 650 | |a ESTADO | ||
| 650 | |a POLITICA GUBERNAMENTAL | ||
| 650 | |a IDEOLOGIAS POLITICAS | ||
| 773 | |g número76, (1995), Páginas 1-56 | ||
| 999 | |c 21835 |d 21835 | ||
